| 000 | 01197nam a22003377a 4500 | ||
|---|---|---|---|
| 003 | CHAP | ||
| 005 | 20220329134112.0 | ||
| 008 | 971013s1983 r 00010 d | ||
| 010 | _a15397 | ||
| 011 | _a16369 | ||
| 035 | _a20448 | ||
| 040 | _cCHAP | ||
| 082 |
_a615.944 _bH53 |
||
| 100 | 0 | 0 |
_aHidalgo Peraza, José R. _955201 |
| 245 | _aManual de higiene de los alimentos I y II | ||
| 260 |
_aLa Habana : _bInstituto Superior de Ciencias Agropecuarias. Fac. de Medicina Veterinaria, _c1983 |
||
| 300 | _a2 v. | ||
| 590 |
_aBATCH-UPD _b10 _c20130110 _lUCH01 _h0257 |
||
| 590 |
_aBATCH-UPD _b10 _c20130110 _lUCH01 _h1646 |
||
| 590 |
_aBATCH-UPD _b10 _c20130409 _lUCH01 _h2329 |
||
| 590 |
_aBATCH-UPD _b10 _c20130410 _lUCH01 _h1343 |
||
| 590 |
_aBATCH-UPD _b10 _c20130914 _lUCH01 _h0124 |
||
| 590 |
_aCONVERSION _b10 _c20130109 _lUCH01 _h1310 |
||
| 650 | 1 | 4 |
_aAlimentos _xHigiene. _94224 |
| 650 | 1 | 4 |
_aCarne _xInspección. _919087 |
| 650 | 1 | 4 |
_aGanado _xEnfermedades. _944909 |
| 901 | _aBK | ||
| 942 | _cLIBRO | ||
| 949 |
_a615.944 H53 _bBC _cLIBRO _d-47722 _eLIBRO _fv.2 _h63305 _i20448 _mD por Dr. Méndez _si |
||
| 949 |
_a615.944 H53 _bBC _cLIBRO _d33724000012639 _eLIBRO _fv.1 _h63304 _i20448 _mD. por Dr. Méndez _si |
||
| 999 |
_c15397 _d15397 |
||